LF 10 (Fl. Mtl. 4-43-1) - Statistiken

Allgemein
  • Dieses Quiz wurde 2 mal gespielt
  • Das Durchschnittsergebnis liegt bei 28 aus 106
Antwortstatistiken
Gerätefach Beladung % Korrekt
3 Feuerlöscher
100%
2 | 6 | R Kupplungsschlüssel
100%
Innenraum Absperrband
50%
Innenraum AED
50%
2 Akkus
50%
6 | R Arbeitsleine
50%
3 | Innenraum Atemschutzgeräte
50%
3 Axt
50%
1 Benzinkanister
50%
3 B-Hohlstrahlrohr
50%
2 Blitzleuchten
50%
2 | 3 | 5 | 6 B-Schlauch
50%
3 C-Hohlstrahlrohr
50%
R Druckbegrenzungsventil
50%
Innenraum Fluchthauben
50%
Innenraum Funkgeräte
50%
3 Hammer
50%
Innenraum Handlampe
50%
3 Kübelspritze
50%
4 Lüfter
50%
1 Motorkettensäge
50%
2 Oberflurhydrantenschlüssel
50%
6 | R Sammelstück
50%
6 | R Saugkorb
50%
6 | R Saugschutzkorb
50%
2 Schachthaken
50%
6 Schaummittel
50%
2 Schere
50%
4 Schleifkorbtrage
50%
6 Schnellangriffsverteiler
50%
1 Spineboard
50%
2 Spreizer
50%
2 Standrohr
50%
R Systemtrenner
50%
1 Tauchpumpe
50%
2 TS
50%
2 Unterflurhydrantenschlüssel
50%
6 Verkehrsleitkegel
50%
6 Verteiler
50%
Innenraum Wärmebildkamera
50%
6 Zumischer
50%
R 5m B-Schlauch
0%
2 Abgasschlauch
0%
4 Absturzsicherung
0%
1 Akku-Flex
0%
Innenraum Atemschutzmasken
0%
R Atemschutzüberwachung
0%
4 Bioversal
0%
5 C-Tragekörbe
0%
6 D-Ansaugschlauch
0%
3 D-Mehrzweckstrahlrohr
0%
2 Dreibein
0%
3 D-Schlauch
0%
Innenraum Einmalhandschuhe
0%
Innenraum FFP-Masken
0%
1 | 4 FI-Schutzschalter
0%
4 Greifzug
0%
3 Hacke
0%
3 Halligentool
0%
5 Hygieneboard
0%
4 I-Sauger
0%
4 I-Sauger Zubehör
0%
3 Kettensägen-Schutzausrüstung
0%
1 Kiste-Handwerkzeug
0%
1 Kiste-VU
0%
Innenraum Leinenbeutel
0%
1 Leitungsroller
0%
1 Lichterbrücke
0%
6 Loop
0%
R Mehrzweckschaummittel
0%
6 Mehrzweckschaumrohr
0%
1 Motorkettensägen-Zubehör
0%
2 Patientenschutz
0%
1 Peli-Light
0%
2 Powerflare
0%
6 Rapid-Tool
0%
5 Rauchvorhang
0%
2 Rettungszylinder
0%
Innenraum Rundschlingen
0%
6 Schaumpistole
0%
R Schlauchpflaster
0%
1 Schuttmulden
0%
2 Schwelleraufsatz
0%
3 Sicherheitstrupptasche
0%
Innenraum Spineboard-Zubehör
0%
2 Stab-Fast
0%
1 Stativ
0%
1 Stromgenerator
0%
2 TH-Plane
0%
Innenraum Tragetuch
0%
6 Türöffnungsrucksack
0%
6 Übergangsstücke
0%
2 Unterbau-Holz
0%
1 Verzurreinrichtung
0%
1 Wasserkasten
0%
Keine übereinstimmenden Quizze gefunden
Verteilung der Resultate
Anzahl Personen mit jedem Resultat
Perzentil nach korrekt beantworteten Fragen
Ihre Resultats-Entwicklung
Sie haben dieses Quiz noch nicht gespielt